000 00493nam a2200181Ia 4500
001 10695
005 20260306161851.0
008 260306t2007||||xx |||||||||||||| ||spa||
041 _aESP
082 _a946.081
_bJ414
100 _aJaksic, Iván
_eAUT
245 0 _aVen conmigo a la España lejana:
_blos intelectuales norteamericanos ante el mundo hispano, 1820-1880
260 _c2007
300 _a987 páginas :
_c21cm.
650 _aGEN
654 _aCHU
942 _cLIB
_dJUS
_fJUS
_2ddc
_n
999 _c10695
_d10695